| 000 | 00440pab a2200157 454500 | ||
|---|---|---|---|
| 008 | 180718b1985 xxu||||| |||| 00| 0 eng d | ||
| 100 | _aBerke, Philip | ||
| 245 | _aApplication of a computer system for hurricaue emergency response and land use planning | ||
| 260 | _c1985 | ||
| 300 | _a117 | ||
| 362 | _aSept. | ||
| 650 | _aComputers - Disasters | ||
| 700 | _aCarlton Ruch | ||
| 773 | _aJournal of Environment Management | ||
| 909 | _a6415 | ||
| 999 |
_c6415 _d6415 |
||